A world elsewhere: romance

Na minha lista:
Detalhes bibliográficos
Autor principal: Jewkes, W. T (Author)
Formato: Livro
Idioma:inglês
Publicado em: Nueva York Harcourt Brace Jovanovich 1973
Colecção:Literature Uses of the Imagination
Assuntos:
Tags: Adicionar Tag
Sem tags, seja o primeiro a adicionar uma tag!

MARC

LEADER 00000nam a2200000 a 4500
001 UCX6238
003 CL-VaPUC
008 930504e19730000US |||||||||||||||||eng|d
082 0 4 |a 808.83  |b JEW  |2 21 
100 |a Jewkes, W. T  |e author  |9 417940 
245 1 2 |a A world elsewhere: romance 
300 |a 306 p 
942 |c BK 
945 |d 19930504 00:00:00 
260 |a Nueva York  |b Harcourt Brace Jovanovich  |c 1973 
650 7 |a INGLES LIBRO DE TEXTO  |2 CL-VaPUC  |9 322678 
583 |a last modification  |c 19930504 00:00:00  |k Rodrigo Vera 
490 0 |a Literature Uses of the Imagination 
999 |c 226293  |d 226291 
952 |0 0  |1 0  |4 0  |6 808_830000000000000_JEW_1973  |7 0  |8 A  |9 224545  |a BIBEDU  |b BIBEDU  |d 2019-11-15  |i 2932989  |o 808.83 JEW 1973  |p 2932989  |r 2019-11-15  |w 2019-11-15  |y BK  |k LIT